=LDR 00000nam 2200000 4500 =001 INLIS000000000035853 =005 20130612141659 =008 ***********************************Ind** =035 ##$$0010-061300000035853 =041 ##$$a Ind =082 ##$$a 336.24 =090 ##$$a 336.24, Pur a =100 ##$$a Purba, Marisi p =245 ##$$a kuntansi Pajak Penghasilan, Berdasarkan UU No. 36 Tahun 2008, Marisi P. Purba =260 ##$$a 2009 $b Yogyakarta =300 ##$$a x, 162 hlm, Graha Ilm, 23 cm =650 ##$$a Pajak =850 ##$$a NBPNMAT